| 000 | 00463nam a2200157 i 4500 | ||
|---|---|---|---|
| 001 | 87342 | ||
| 003 | ES-MaACL | ||
| 007 | t| | ||
| 008 | 041221q19601969mx ||||1| spa d | ||
| 100 | 1 |
_aKruif, Paul de. _968911 |
|
| 245 | 1 | 4 |
_aLos cazadores de microbios / _cPaul de Kruif ; [traducción y prólogos por Gregory Warren]. |
| 250 | _a1a ed. | ||
| 260 |
_aMéxico : _bEpoca, _c[196-?] |
||
| 300 |
_a365 p. : _bil. ; _c19 cm. |
||
| 852 |
_aES-MaACL _jE-9300 _bR.93598 |
||
| 999 |
_c87342 _d87342 |
||